[Event "GER Seniors Derby 17th"]
[Site "Wesel Undeloh"]
[Date "2018.03.16"]
[Round "3"]
[White "Kraft, Juergen"]
[Black "Skibbe, Peter"]
[Result "1/2-1/2"]
[WhiteElo "1774"]
[BlackElo "1538"]
[PlyCount "51"]
[EventDate "2018.03.15"]
[EventType "swiss"]
[EventRounds "7"]
[EventCountry "GER"]
[SourceTitle "EXT 2019"]
[Source "ChessBase"]
[SourceDate "2018.10.10"]
[SourceVersion "1"]
[SourceVersionDate "2018.10.10"]
[SourceQuality "1"]

1. e4 c5 2. d4 cxd4 3. c3 dxc3 4. Nxc3 Nc6 5. Nf3 g6 6. Bc4 e6 7. e5 d5 8. exd6 Qxd6 9. Bg5 Qxd1+ 10. Rxd1 Bb4 11. 0-0 Bxc3 12. bxc3 h6 13. Bf4 Nge7 14. Rd2 g5 15. Bc7 0-0 16. Rfd1 a6 17. Ne5 b5 18. Be2 Ra7 19. Bb6 Rb7 20. Nxc6 Nxc6 21. Bc5 Ne7 22. Bf3 Rc7 23. Bd6 Rd7 24. h3 Re8 25. Bxe7 Rexe7 26. Kf1 1/2-1/2

[Event "GER Seniors Derby 17th"]
[Site "Wesel Undeloh"]
[Date "2018.03.16"]
[Round "4"]
[White "Wegner, Michael"]
[Black "Kraft, Juergen"]
[Result "1/2-1/2"]
[WhiteElo "1627"]
[BlackElo "1774"]
[PlyCount "54"]
[EventDate "2018.03.15"]
[EventType "swiss"]
[EventRounds "7"]
[EventCountry "GER"]
[SourceTitle "EXT 2019"]
[Source "ChessBase"]
[SourceDate "2018.10.10"]
[SourceVersion "1"]
[SourceVersionDate "2018.10.10"]
[SourceQuality "1"]

1. e4 d5 2. exd5 Nf6 3. Nc3 Nxd5 4. Nxd5 Qxd5 5. Qf3 e6 6. g3 Nc6 7. c3 Bd7 8. Bg2 Qxf3 9. Nxf3 0-0-0 10. d4 h6 11. Be3 Bd6 12. 0-0-0 Kb8 13. Nd2 Rhe8 14. f4 Be7 15. Rhf1 g6 16. Nc4 f6 17. h4 h5 18. Be4 Rg8 19. d5 exd5 20. Bxd5 Rgf8 21. Rf2 a6 22. Rfd2 Bg4 23. Re1 Bd6 24. Bxc6 bxc6 25. Na5 Bd7 26. Nc4 Bc8 27. Na5 Bd7 1/2-1/2

[Event "GER Seniors Derby 17th"]
[Site "Wesel Undeloh"]
[Date "2018.03.15"]
[Round "1"]
[White "Kraft, Juergen"]
[Black "Alt, Barbara"]
[Result "1-0"]
[WhiteElo "1774"]
[BlackElo "1508"]
[PlyCount "67"]
[EventDate "2018.03.15"]
[EventType "swiss"]
[EventRounds "7"]
[EventCountry "GER"]
[SourceTitle "EXT 2019"]
[Source "ChessBase"]
[SourceDate "2018.10.10"]
[SourceVersion "1"]
[SourceVersionDate "2018.10.10"]
[SourceQuality "1"]

1. e4 b6 2. d4 Bb7 3. Nc3 e6 4. Bd3 Bb4 5. Nf3 Nf6 6. Qe2 d6 7. Bg5 h6 8. Bh4 g5 9. Bg3 Nbd7 10. a3 Bxc3+ 11. bxc3 Qe7 12. a4 a5 13. Nd2 e5 14. d5 Nc5 15. f3 Nh5 16. Bb5+ Nd7 17. Qc4 Qd8 18. 0-0-0 Nf4 19. Bxf4 gxf4 20. g3 fxg3 21. hxg3 Kf8 22. f4 Kg7 23. Nf3 f6 24. Nh4 Nc5 25. fxe5 fxe5 26. Nf5+ Kg6 27. Qe2 Qg5+ 28. Kb1 Ba6 29. Rh5 Qf6 30. Rdh1 Kf7 31. Rxh6 Rxh6 32. Rxh6 Nxa4 33. Rxf6+ Kxf6 34. Qg4 1-0